• 首页
  • 本馆介绍
  • 公告通知
  • 最新文献
  • 馆藏检索
  • 电子资源
  • 读者导购
  • 参考咨询
  • 我的图书馆
  • 登录
  • 详细信息显示
  • 放入我的书架
  • 预约/预借图书
  • 作者相关作品
  • 分类相关作品
  • 丛书相关作品
  • 出版社相关作品

书目信息

  • 表格格式
  • 工作单格式
  • 卡片格式
题名:
全国一级建造师考试教材精编
    
 
作者: 《全国一级建造师考试教材精编》编委会编
分册:   专业工程管理与实务(水利水电工程)
出版信息: 天津   天津科学技术出版社  2018
页数: 153页
开本: 26cm
丛书名:
单 册:
中图分类: TU-42
科图分类:
主题词: 建筑师--资格考试--自学参考资料 , 水利水电工程--资格考试--自学参考资料
电子资源:
ISBN: 978-7-5576-3364-6
000 00929nam0 2200229 45
001 012001003509
005 20140102100832.0
010    @a978-7-5576-3364-6@dCNY159.00
100    @a20171222d2017 em y0chiy50 ea
101 0  @achi
102    @aCN@b120000
105    @ak z 000yy
106    @ar
200 1  @a全国一级建造师考试教材精编@9quan guo yi ji jian zao shi kao shi jiao cai jing bian@i专业工程管理与实务(水利水电工程)@f《全国一级建造师考试教材精编》编委会编
210    @a天津@c天津科学技术出版社@d2018
215    @a153页@d26cm
330    @a本书分为水利水电工程技术、水利水电工程项目施工管理、水利水电工程项目施工相关法规与标准三部分,包括水利水电工程勘测与设计、水利水电施工导流、水利水电工程地基处理与灌浆施工、土石方工程等。
606 0  @a建筑师@x资格考试@j自学参考资料
606 0  @a水利水电工程@x资格考试@j自学参考资料
690    @aTU-42@v5
801  0 @aCN@b北京卓展@c20191020
905    @b1211917-9@dTU-42@e902@f3
    
    全国一级建造师考试教材精编.专业工程管理与实务(水利水电工程)/《全国一级建造师考试教材精编》编委会编.-天津:天津科学技术出版社,2018
    153页;26cm
    
    
    ISBN 978-7-5576-3364-6:CNY159.00
    本书分为水利水电工程技术、水利水电工程项目施工管理、水利水电工程项目施工相关法规与标准三部分,包括水利水电工程勘测与设计、水利水电施工导流、水利水电工程地基处理与灌浆施工、土石方工程等。
●
相关链接 在E读中查询图书 在五车中查询图书 在当当中查询图书 在豆瓣中查询图书


正题名:全国一级建造师考试教材精编     索取号:TU-42/902         预约/预借

序号 登录号 条形码 馆藏地/架位号 状态 备注
1 1211917   212119170   第二样本阅览室/ [索取号:TU-42/902] 在馆    
2 1211918   212119189   第三借阅区/ [索取号:TU-42/902] 在馆    
3 1211919   212119198   第三借阅区/ [索取号:TU-42/902] 在馆    
唐山师范学院图书馆 欢迎您!
大连网信软件有限公司© 版权所有